000 00780nam a22002057a 4500
005 20111116145348.0
010 _aG-001605
020 _c195.00
_a9788189107697
035 1 d _aG-001605
037 _bGift
082 _a658.85
100 _aQubein, Nido
_935859
245 _aHow to be a great sales professional /
_cby Nido Qubein
260 _aBhopal
_bIndra Publishing House
_c2009
270 _aE-5/21, Arera Colony, Habibganj Police Station Road
_bBhopal
_e462016
300 _axvii, 187p.
_c24cm(pbk)
942 _2ddc
_cEN
_h658.85
_mQUB
999 _c58433
_d58433